000 00514nam a2200181 i 4500
001 bgj
100 1 _aSCHLEPPEGRELL, Mary
245 1 0 _aESP: teaching English for specific purposes /
_cMary Schleppegrell and Brenda Brown.
260 _aWashington, DC :
_bUnited States Peace Corps,
_c1986.
300 _a110, [3] pp :
_bill. ;
_c28 cm.
650 9 _aBasic English
700 1 _aBROWN, Brenda
040 _cBPK
041 0 _aeng
920 _abrak
942 _cKS
008 s uk f |000 0 eng
999 _c48282
_d48282
856 _uhttp://koha.tu.koszalin.pl/cgi-bin/koha/opac-detail.pl?biblionumber=48282
_yKatalog online BPK